书目信息 |
| 题名: |
超大型购物中心的空间设计
|
|
| 作者: | 潘猛 , 李信 著 | |
| 分册: | ||
| 出版信息: | 南京 东南大学出版社 2004.08 |
|
| 页数: | 132页 | |
| 开本: | 20×25cm | |
| 丛书名: | ||
| 单 册: | ||
| 中图分类: | TU247.2 | |
| 科图分类: | ||
| 主题词: | 商业中心--shang ye zhong xin--建筑设计--世界--作品集 | |
| 电子资源: | ||
| ISBN: | 7-81089-576-1 | |
| 000 | 00975nam0 2200241 450 | |
| 001 | 012007751772 | |
| 005 | 20070428091500.46 | |
| 010 | @a7-81089-576-1@dCNY64.00 | |
| 100 | @a20050429d2004 km y0chiy0120 ea | |
| 101 | 0 | @achi |
| 102 | @aCN@b320000 | |
| 105 | @aa z 000yy | |
| 200 | 1 | @a超大型购物中心的空间设计@Achao da xing gou wu zhong xin de kong jian she ji@d= The space design of the biggest shopping mall@f潘猛, 李信著@Fpan meng,li xin zhu@zeng |
| 210 | @a南京@c东南大学出版社@d2004.08 | |
| 215 | @a132页@c图@d20×25cm | |
| 330 | @a本书是加拿大几个超大型购物中心设计的图集,包括西埃德蒙顿购物中心,圣福华、劳瑞购物中心,鲁耶斯专卖店,希特勒、拉盖彼得购物中心以及购物中心的建筑外观。 | |
| 510 | 1 | @aSpace design of the biggest shopping mall@zeng |
| 606 | 0 | @a商业中心@Ashang ye zhong xin@x建筑设计@y世界@j作品集 |
| 690 | @aTU247.2@v4 | |
| 701 | 0 | @a潘猛@Apan meng@4著 |
| 701 | 0 | @a李信@Ali xin@4著 |
| 801 | 0 | @aCN@c20070428 |
| 905 | @a10447@dTU247.2@eP172 | |
| 超大型购物中心的空间设计= The space design of the biggest shopping mall/潘猛, 李信著.-南京:东南大学出版社,2004.08 |
| 132页:图;20×25cm |
| ISBN 7-81089-576-1:CNY64.00 |
| 本书是加拿大几个超大型购物中心设计的图集,包括西埃德蒙顿购物中心,圣福华、劳瑞购物中心,鲁耶斯专卖店,希特勒、拉盖彼得购物中心以及购物中心的建筑外观。 |
| ● |
| 相关链接 |
|
|
|
正题名:超大型购物中心的空间设计
索取号:TU247.2/P172
 
预约/预借
| 序号 | 登录号 | 条形码 | 馆藏地/架位号 | 状态 | 备注 |
| 1 | 235376 | 202353764 | 自科二线404/404自科库 20排2列6层/ [索取号:TU247.2/P172] | 在馆 | |
| 2 | 235377 | 202353773 | 自科二线404/404自科库 20排2列6层/ [索取号:TU247.2/P172] | 在馆 |